Hedging v podnikateľskej praxi

Eliminovanie vybraných rizík v akciovej spoločnosti pomocou využitia finančných derivátov.

Salvato in:
Dettagli Bibliografici
Autore principale: Kaderová, Andrea
Altri autori: Simonka, Zsolt, 1974-
Natura: Capitolo di libro
Lingua:slovacco
Soggetti:
Tags: Aggiungi Tag
Nessun Tag, puoi essere il primo ad aggiungerne!!

MARC

LEADER 00000naa a2200000 4500
001 0180239
005 20240502073051.8
041 0 |a slo 
044 |a SK 
245 1 0 |a Hedging v podnikateľskej praxi  |c Andrea Kaderová, Zsolt Simonka 
520 |a Eliminovanie vybraných rizík v akciovej spoločnosti pomocou využitia finančných derivátov. 
610 2 0 |a riziko finančné 
610 2 0 |a hedging 
610 2 0 |a riziko podnikateľské 
610 2 0 |a úrok 
610 2 0 |a deriváty 
610 2 0 |a spoločnosti akciové 
100 1 |a Kaderová, Andrea 
700 1 |a Simonka, Zsolt, 1974-